[Event "GBR-ch110 Major Open"]
[Site "Hull"]
[Date "2024.08.04"]
[Round "9.41"]
[White "Roul, Tushar"]
[Black "Sui, Yueyue"]
[Result "1/2-1/2"]
[WhiteElo "1783"]
[BlackElo "1749"]
[PlyCount "77"]
[EventDate "2024.07.27"]
[EventType "swiss"]
[EventRounds "9"]
[EventCountry "GBR"]
[SourceTitle "BritBase"]
[Source "John Saunders"]
[SourceDate "2025.02.20"]
[SourceVersion "1"]
[SourceVersionDate "2025.02.20"]
[SourceQuality "1"]

1. e4 e6 2. d4 d5 3. exd5 exd5 4. Nf3 Nf6 5. Bg5 Be7 6. Bd3 h6 7. Bh4 O-O 8. O-O c6 9. c3 Ne4 10. Bxe7 Qxe7 11. Re1 Bg4 12. Nbd2 f5 13. Qb3 Qc7 14. Bxe4 fxe4 15. Rxe4 Bf5 16. Re3 Nd7 17. Rae1 Rf7 18. Ne5 Nxe5 19. Rxe5 Raf8 20. f3 Qd6 21. Nf1 g5 22. Qd1 h5 23. Ng3 h4 24. Nxf5 Rxf5 25. Qe2 Kg7 26. Rxf5 Rxf5 27. Qe7+ Qxe7 28. Rxe7+ Rf7 29. Rxf7+ Kxf7 30. Kf2 Kf6 31. g4 hxg3+ 32. Kxg3 Kf5 33. f4 g4 34. b3 a5 35. c4 b5 36. cxd5 cxd5 37. a3 Ke4 38. Kxg4 Kxd4 39. h4 1/2-1/2

[Event "GBR-ch110 Major Open"]
[Site "Hull"]
[Date "2024.08.04"]
[Round "9.42"]
[White "Srivastava, Siddhartha Shankar"]
[Black "McLean, Rory R"]
[Result "1/2-1/2"]
[WhiteElo "1595"]
[BlackElo "1768"]
[PlyCount "112"]
[EventDate "2024.07.27"]
[EventType "swiss"]
[EventRounds "9"]
[EventCountry "GBR"]
[SourceTitle "BritBase"]
[Source "John Saunders"]
[SourceDate "2025.02.20"]
[SourceVersion "1"]
[SourceVersionDate "2025.02.20"]
[SourceQuality "1"]

1. e4 e6 2. d4 d5 3. e5 c5 4. c3 Nc6 5. Nf3 Bd7 6. Be2 Nge7 7. Na3 cxd4 8. cxd4 Nf5 9. Nc2 Qb6 10. a3 Na5 11. g4 Ne7 12. b4 Nc4 13. Ne3 Rc8 14. Qb3 Nc6 15. Nxc4 dxc4 16. Qd1 Ne7 17. Be3 Nd5 18. O-O Qa6 19. Nd2 Ba4 20. Qc1 b5 21. Ne4 Qc6 22. Bf3 Be7 23. Bg5 Bf8 24. Bg2 h6 25. Bh4 Qc7 26. f4 h5 27. Qe1 Bc2 28. Nd6+ Bxd6 29. exd6 Qxd6 30. f5 O-O 31. Bg3 Qb6 32. Qe5 Bd3 33. fxe6 Qxe6 34. Bxd5 Qxe5 35. Bxe5 Bxf1 36. Rxf1 c3 37. gxh5 c2 38. Rc1 Rc3 39. Be4 Rfc8 40. Kf2 Rxa3 41. Ke2 Rb3 42. Bd6 Re8 43. Be5 Rxb4 44. Kd3 Rc8 45. Rxc2 Rxc2 46. Kxc2 a5 47. Bd5 a4 48. Kc3 Rb1 49. Kc2 Rf1 50. Bd6 Rf5 51. Be4 Rxh5 52. Kc3 Rh6 53. Be5 Re6 54. Kb4 Kf8 55. Kxb5 a3 56. Bd5 Re8 1/2-1/2

[Event "GBR-ch110 Major Open"]
[Site "Hull"]
[Date "2024.08.04"]
[Round "9.43"]
[White "Berkley, Stephen W"]
[Black "Mittal, Advik"]
[Result "1/2-1/2"]
[WhiteElo "1830"]
[BlackElo "1619"]
[PlyCount "36"]
[EventDate "2024.07.27"]
[EventType "swiss"]
[EventRounds "9"]
[EventCountry "GBR"]
[SourceTitle "BritBase"]
[Source "John Saunders"]
[SourceDate "2025.02.20"]
[SourceVersion "1"]
[SourceVersionDate "2025.02.20"]
[SourceQuality "1"]

1. d4 Nf6 2. c4 e6 3. Nc3 d5 4. Nf3 Be7 5. cxd5 exd5 6. Bf4 c6 7. Qc2 O-O 8. h3 Re8 9. e3 Nh5 10. Bh2 g6 11. Bd3 Ng7 12. Ne5 f6 13. Nf3 Bf5 14. Bxf5 Nxf5 15. O-O Bd6 16. Bxd6 Qxd6 17. Rab1 a5 18. Na4 Nd7 1/2-1/2

[Event "GBR-ch110 Major Open"]
[Site "Hull"]
[Date "2024.08.04"]
[Round "9.45"]
[White "Watkinson, Colin"]
[Black "Jacobs, Simon"]
[Result "0-1"]
[WhiteElo "1791"]
[BlackElo "1683"]
[PlyCount "80"]
[EventDate "2024.07.27"]
[EventType "swiss"]
[EventRounds "9"]
[EventCountry "GBR"]
[SourceTitle "BritBase"]
[Source "John Saunders"]
[SourceDate "2025.02.20"]
[SourceVersion "1"]
[SourceVersionDate "2025.02.20"]
[SourceQuality "1"]

1. e4 c6 2. d4 d5 3. Nc3 dxe4 4. Nxe4 Nf6 5. Nxf6+ exf6 6. Nf3 Bd6 7. Bc4 O-O 8. O-O Bg4 9. h3 Bh5 10. c3 Nd7 11. Re1 Re8 12. Be3 Bc7 13. Bd3 Nf8 14. Rc1 Qd6 15. g4 Bg6 16. Bxg6 Nxg6 17. Rc2 Re6 18. Kf1 Rae8 19. Ng1 Qh2 20. f4 Qh1 21. f5 Rxe3 22. Rxe3 Rxe3 23. fxg6 hxg6 24. Rg2 Bh2 25. Kf2 Bxg1+ 26. Qxg1 Qxh3 27. Rg3 Rxg3 28. Qxg3 Qxg3+ 29. Kxg3 Kf8 30. Kf4 Ke7 31. c4 b5 32. b3 bxc4 33. bxc4 Kd6 34. a4 Ke6 35. a5 f5 36. g5 f6 37. a6 Kd6 38. gxf6 gxf6 39. c5+ Kd5 40. Ke3 g5 0-1

[Event "GBR-ch110 Major Open"]
[Site "Hull"]
[Date "2024.08.04"]
[Round "9.46"]
[White "Pleimling, Luc"]
[Black "Sinclair, Colin"]
[Result "1-0"]
[WhiteElo "1615"]
[BlackElo "1783"]
[PlyCount "51"]
[EventDate "2024.07.27"]
[EventType "swiss"]
[EventRounds "9"]
[EventCountry "GBR"]
[SourceTitle "BritBase"]
[Source "John Saunders"]
[SourceDate "2025.02.20"]
[SourceVersion "1"]
[SourceVersionDate "2025.02.20"]
[SourceQuality "1"]

1. d4 g6 2. e4 Bg7 3. Nc3 d6 4. Bg5 h6 5. Bh4 g5 6. Bg3 e6 7. Bc4 a6 8. Nge2 b5 9. Bb3 b4 10. Na4 Bb7 11. d5 e5 12. Qd2 a5 13. a3 bxa3 14. Rxa3 Nf6 15. Nac3 Nbd7 16. O-O O-O 17. Rfa1 Nc5 18. f3 Nh5 19. Bf2 Nxb3 20. Rxb3 Bc8 21. Rba3 f5 22. exf5 Bxf5 23. g4 Bxg4 24. fxg4 Qf6 25. Ne4 Qf4 26. Nxf4 1-0

[Event "GBR-ch110 Major Open"]
[Site "Hull"]
[Date "2024.08.04"]
[Round "9.47"]
[White "Chantrell, Paul"]
[Black "Kapitanski, Furion"]
[Result "1-0"]
[WhiteElo "1735"]
[BlackElo "1581"]
[PlyCount "51"]
[EventDate "2024.07.27"]
[EventType "swiss"]
[EventRounds "9"]
[EventCountry "GBR"]
[SourceTitle "BritBase"]
[Source "John Saunders"]
[SourceDate "2025.02.20"]
[SourceVersion "1"]
[SourceVersionDate "2025.02.20"]
[SourceQuality "1"]

1. e4 e5 2. Nf3 Nc6 3. d4 exd4 4. Bc4 Nf6 5. O-O Nxe4 6. Re1 d5 7. Bxd5 Qxd5 8. Nc3 Qh5 9. Nxe4 Be7 10. Bg5 O-O 11. Ng3 Qg6 12. Bxe7 Nxe7 13. Rxe7 Qd6 14. Re4 Rd8 15. Rxd4 Qxd4 16. Nxd4 c5 17. Qe2 cxd4 18. Ne4 b6 19. Qf3 Be6 20. Qg3 Kh8 21. Rd1 Rac8 22. Rd2 h6 23. h3 Bd5 24. Nd6 Rc6 25. Nf5 Re6 26. Qxg7# 1-0